Movies Quiz

Random Movies or Letter Quiz

'S' Movies by Picture Quiz Stats

 Plays Quiz Updated Oct 18, 2018

Challenge
Share
Tweet
Score 0/25 Timer 06:00
2 Plays Today
Grid Location Movie % Correct
3DSleeping Beauty
91.3%
4DSaving Private Ryan
90.8%
1AThe Silence of the Lambs
88.2%
3ESingin' in the Rain
88.1%
2EThe Shawshank Redemption
85%
5FSherlock Holmes
84%
1DScarface
82.6%
3AThe Social Network
76.2%
3FSlumdog Millionaire
69.6%
2BSchindler's List
67.4%
2DSpaceballs
64.5%
5DSpartacus
64%
2FStand By Me
61%
Grid Location Movie % Correct
4BShaun of the Dead
60.9%
3CShutter Island
57.3%
5CSigns
54.4%
2CScott Pilgrim vs. the World
50%
5ESin City
48%
4AScrooged
47.9%
4FSuper Troopers
43.5%
5BSome Like it Hot
41.4%
1BSlap Shot
37.9%
2AThe Sting
37.5%
1EA Streetcar Named Desire
35.8%
1FSnatch
32.5%

You're not logged in!

Compare scores with friends on all Sporcle quizzes.
OR
Log In

You Might Also Like...

Show Comments

Extras

Top Quizzes Today


Score Distribution

Your Account Isn't Verified!

In order to create a playlist on Sporcle, you need to verify the email address you used during registration. Go to your Sporcle Settings to finish the process.

Report this User

Report this user for behavior that violates our Community Guidelines.

Details: